Name a Valid NBA Team - Statistics

General Stats
  • This quiz has been taken 164 times
  • The average score is 14 of 15
Answer Stats
Hint Answer % Correct
Never had a name change Boston Celtics / New York Knicks / Miami Heat / Chicago Bulls / Orlando Magic / Toronto Raptors / Phoenix Suns / Dallas Mavericks / Indiana Pacers / Milwaukee Bucks / Minnesota Timberwolves / Portland Trail Blazers / Cleveland Cavaliers
100%
Shows a human/animal on their logo Atlanta Hawks / Boston Celtics / Charlotte Hornets / Chicago Bulls / Dallas Mavericks / Memphis Grizzlies / Milwaukee Bucks / Minnesota Timberwolves / New Orleans Pelicans
99%
Doesn't have a basketball in their logo Atlanta Hawks / Charlotte Hornets / Chicago Bulls / Cleveland Cavaliers / Golden State Warriors / Houston Rockets / Los Angeles Clippers / Memphis Grizzlies / Portland Trail Blazers / San Antonio Spurs
99%
Located in the southeast Atlanta Hawks / Charlotte Hornets / Memphis Grizzlies / Miami Heat / Orlando Magic / New Orleans Pelicans
99%
Has black in their logo Brooklyn Nets / Chicago Bulls / Dallas Mavericks / Miami Heat / Orlando Magic / Phoenix Suns / Portland Trailblazers / San Antonio Spurs / Toronto Raptors
99%
Has never won a championship Phoenix Suns / Brooklyn Nets / Orlando Magic / Utah Jazz / Indiana Pacers / Charlotte Hornets / LA Clippers / Memphis Grizzlies / Minnesota Timberwolves / New Orleans Pelicans
99%
Won 70+ games in one season Chicago Bulls / Golden State Warriors
97%
Had LeBron as a player Cleveland Cavaliers / Miami Heat / Los Angeles Lakers
97%
Has green on their logo Boston Celtics / Milwaukee Bucks
96%
Has two teams from the same city Los Angeles Clippers / Los Angeles Lakers
96%
The only sports team from their city Oklahoma City Thunder / Sacramento Kings / Orlando Magic / Memphis Grizzlies / San Antonio Spurs / Utah Jazz / Portland Trailblazers
96%
Lost 70+ games in one season Philadelphia 76ers / Los Angeles Clippers / Dallas Mavericks / Denver Nuggets / Brooklyn Nets
94%
Isn't from the USA Toronto Raptors
94%
Made the first basket New York Knicks
64%
Shares a name with another team Sacramento Kings
61%
No matching quizzes found
Score Distribution
Percent of People with Each Score
Percentile by Number Answered
Your Score History
You have not taken this quiz